American heroes / (Record no. 9977)
[ view plain ]
| 000 -LEADER | |
|---|---|
| fixed length control field | 00461nam a22001697a 4500 |
| 003 - CONTROL NUMBER IDENTIFIER | |
| control field | OSt |
| 005 - DATE AND TIME OF LATEST TRANSACTION | |
| control field | 20140310182149.0 |
| 008 - FIXED-LENGTH DATA ELEMENTS--GENERAL INFORMATION | |
| fixed length control field | 130830t xxu||||| |||| 00| 0 eng d |
| 050 ## - LIBRARY OF CONGRESS CALL NUMBER | |
| Classification number | E 176 |
| Item number | .C539 1994 |
| 082 ## - DEWEY DECIMAL CLASSIFICATION NUMBER | |
| Classification number | HS 973.099 |
| Item number | W39 1994 |
| 100 ## - MAIN ENTRY--PERSONAL NAME | |
| Personal name | Webster, Orvill III V. |
| 9 (RLIN) | 15654 |
| 245 ## - TITLE STATEMENT | |
| Title | American heroes / |
| Statement of responsibility, etc | Orville V. webster III. |
| 300 ## - PHYSICAL DESCRIPTION | |
| Extent | 128 p. ; |
| Dimensions | 18 cm. |
| 650 ## - SUBJECT ADDED ENTRY--TOPICAL TERM | |
| Topical term or geographic name as entry element | Heroes |
| General subdivision | United States |
| -- | Biography. |
| 9 (RLIN) | 15655 |
| 942 ## - ADDED ENTRY ELEMENTS (KOHA) | |
| Source of classification or shelving scheme | Library of Congress Classification |
| Withdrawn status | Lost status | Source of classification or shelving scheme | Damaged status | Home library | Current library | Shelving location | Date acquired | Total Checkouts | Full call number | Barcode | Date last seen | Copy number | Price effective from | Koha item type |
|---|---|---|---|---|---|---|---|---|---|---|---|---|---|---|
| Library of Congress Classification | Luxembourg Library | Luxembourg Library | High School Section | 08/30/2013 | E 176 .C539 1994 | 10860 | 08/30/2013 | 1 | 08/30/2013 | Books |